|
|
|
|
| LEADER |
01594cam a2200337 a 4500 |
| 001 |
42992 |
| 003 |
BD-DhAAL |
| 005 |
20240903122809.0 |
| 008 |
240903t2003 nju b 000 0 eng |
| 010 |
|
|
|a 2002155486
|
| 020 |
|
|
|a 0471273198
|
| 040 |
|
|
|a DLC
|c DLC
|d DLC
|d BD-DhAAL
|
| 042 |
|
|
|a pcc
|
| 050 |
0 |
0 |
|a HD57.7
|b .C3728 2003
|
| 082 |
0 |
0 |
|a 658.4092
|2 21
|
| 100 |
1 |
|
|a Cashman, Kevin.
|9 56717
|
| 245 |
1 |
0 |
|a Awakening the leader within :
|b a story of transformation /
|c Kevin Cashman with Jack Forem.
|
| 246 |
|
|
|a Awakening the leader within
|
| 264 |
|
|
|a Hoboken, N.J. :
|b J. Wiley,
|c c2003.
|
| 300 |
|
|
|a xii, 323 pages ;
|c 24 cm.
|
| 504 |
|
|
|a Includes bibliographical references (pages [318]-320).
|
| 541 |
|
|
|a Donation from the Asia Foundation/Savar Campus Library
|e 42992, 43049
|
| 650 |
|
0 |
|a Leadership
|x Philosophy.
|9 53802
|
| 650 |
|
0 |
|a Executives
|x Training of.
|
| 650 |
|
0 |
|a Management
|x Philosophy.
|
| 700 |
1 |
|
|a Forem, Jack,
|d 1943-
|9 56718
|
| 852 |
|
|
|a Ayesha Abed Library
|
| 942 |
|
|
|2 ddc
|c BK
|
| 999 |
|
|
|c 46929
|d 46929
|
| 952 |
|
|
|0 0
|1 0
|2 ddc
|4 0
|6 658_409200000000000_CAS
|7 0
|9 76100
|a SCL
|b SCL
|c GEN
|d 2024-09-03
|e Donation from the Asia Foundation/Savar Campus Library
|g 2982.00
|l 0
|o 658.4092 CAS
|p 3020042992
|r 2024-09-03
|t 1
|w 2024-09-03
|y BK
|x Donation from the Asia Foundation/Savar Campus Library ; USD 24.95
|
| 952 |
|
|
|0 0
|1 0
|2 ddc
|4 0
|6 658_409200000000000_CAS
|7 0
|9 76101
|a SCL
|b SCL
|c GEN
|d 2024-09-03
|e Donation from the Asia Foundation/Savar Campus Library
|g 2982.00
|l 0
|o 658.4092 CAS
|p 3020043049
|r 2024-09-03
|t 2
|w 2024-09-03
|y BK
|x Donation from the Asia Foundation/Savar Campus Library ; USD 24.95
|